The poetry of Sylvia Plath and Anne Sexton : private woes in a public world /
Saved in:
| 主要作者: | |
|---|---|
| 格式: | Thesis 圖書 |
| 語言: | English |
| 出版: |
[Kuala Lumpur],
1978.
|
| 主題: | |
| 標簽: |
添加標簽
沒有標簽, 成為第一個標記此記錄!
|
| LEADER | 00943cam a2200253 a 4500 | ||
|---|---|---|---|
| 001 | u144701 | ||
| 003 | SIRSI | ||
| 008 | 920303s1978 my t 0 1 eng m | ||
| 035 | |a AAQ-8672 | ||
| 040 | |a UMM | ||
| 090 | |a PS3531 |b P716ZT | ||
| 091 | |a Microfiche 6972 | ||
| 100 | 1 | 0 | |a Thor, Kah-hoong. |
| 245 | 1 | 4 | |a The poetry of Sylvia Plath and Anne Sexton : |b private woes in a public world / |c Thor Kah-hoong. |
| 260 | |a [Kuala Lumpur], |c 1978. | ||
| 300 | |a vi, 173 leaves ; |c 28 cm. | ||
| 500 | |a Typescript. | ||
| 502 | |a Dissertation (M.A.) -- Jabatan Inggeris, Fakulti Sastera dan Sains Sosial, Universiti Malaya, 1978. | ||
| 504 | |a Bibliography: leaves 170-173. | ||
| 600 | 1 | 0 | |a Plath, Sylvia, |d 1932- |x Criticism and interpretation. |
| 650 | 0 | |a Sexton, Anne |x Criticism and interpretation. | |
| 948 | |a 09/03/1992 |b 24/06/2002 | ||
| 596 | |a 1 | ||
| 999 | |a PS3531 P716ZT |w LC |c 1 |i A002662640 |d 31/3/2009 |e 31/3/2009 |l STACKS |m P01UTAMA |n 10 |r Y |s Y |t TESIS |u 20/3/1992 | ||
